| 000 | 01009nam a2200289 4500 | ||
|---|---|---|---|
| 003 | OSt | ||
| 005 | 20260530113841.0 | ||
| 008 | 260506b2003 sp |a||| |||| 00| 0 spa d | ||
| 020 | _a8495275961 | ||
| 040 |
_aICI _bspa _cICI |
||
| 041 | _aeng | ||
| 050 |
_aNK2195.R4 _bM678 |
||
| 100 | 1 |
_aMostaedi, Arian, _eautor _930233 |
|
| 245 | 1 | 0 |
_aDesign bars / _cArian Mostaedi ; editor Carles Broto, Josep Ma Minguet ; asesora Pilar Chueca |
| 264 | 1 |
_aBarcelona, España : _bInstituto Monsa de Ediciones, _c2002 |
|
| 300 |
_a286 páginas : _bilustraciones |
||
| 336 |
_atexto _2rdacontent |
||
| 337 |
_asin medio _2rdamedia |
||
| 338 |
_avolumen _2rdacarrier |
||
| 500 | _aEditado para Bibliotecas de Países en vías de desarrollo | ||
| 650 | 4 |
_2Bares _xDecoración _92673 |
|
| 650 | 4 |
_2Decoración de interiores _aArquitectura de interiores _930234 |
|
| 700 |
_aBroto, Carles, _eeditor _930235 |
||
| 700 | 1 |
_aMinguet, Josep Ma., _eeditor _930236 |
|
| 700 | 1 |
_aChueca, Pilar, _easesora _930237 |
|
| 942 |
_2lcc _cBK _n1 |
||
| 999 |
_c11126 _d11126 |
||